Neurological rehabilitation : optimizing motor performance (2nd edition) (Record no. 32167)

MARC details
000 -LEADER
fixed length control field 00833nam a2200193 a 4500
008 - FIXED-LENGTH DATA ELEMENTS--GENERAL INFORMATION
fixed length control field 191203s2010 ||||||||||||||||| || u
020 ## - INTERNATIONAL STANDARD BOOK NUMBER
International Standard Book Number 9780702040511
050 ## - LIBRARY OF CONGRESS CALL NUMBER
Classification number RC 376.5 Car
100 ## - MAIN ENTRY--PERSONAL NAME
Personal name Carr, Janet H
245 10 - TITLE STATEMENT
Title Neurological rehabilitation : optimizing motor performance (2nd edition)
Statement of responsibility, etc. By Janet H. Carr ; Roberta B. Shepherd
250 ## - EDITION STATEMENT
Edition statement 2nd edition
260 ## - PUBLICATION, DISTRIBUTION, ETC.
Place of publication, distribution, etc. Edinburgh
Name of publisher, distributor, etc. Churchill Livingstone/Elsevier
Date of publication, distribution, etc. 2010
300 ## - PHYSICAL DESCRIPTION
Extent xiii, 362 pages : illustrations
350 ## -
-- 57.20
650 ## - SUBJECT ADDED ENTRY--TOPICAL TERM
Topical term or geographic name entry element MOVEMENT DISORDERS--PATIENTS--REHABILITATION
650 ## - SUBJECT ADDED ENTRY--TOPICAL TERM
Topical term or geographic name entry element NEUROMUSCULAR DISEASES--PHYSICAL THERAPY
700 ## - ADDED ENTRY--PERSONAL NAME
Personal name Shepherd, Roberta B
995 ## -
-- MEDICAL LIBRARY OPEN ACCESS
-- 904582
-- CBU-SCHOOL OF MEDICINE LIBRARY (Ndola)
-- 57.20
-- RC 376.5 Car
-- 1
-- AVAILABLE
-- Dec 12, 2019
-- 904582
-- Medical Library Open Access Collection
999 ## -
-- 32167
-- 32167
Holdings
Withdrawn status Lost status Source of classification or shelving scheme Damaged status Not for loan Permanent Location Current Location Shelving location Date acquired Total Checkouts Full call number Barcode Date last seen Price effective from Koha item type
          CBU-SCHOOL OF MEDICINE LIBRARY, NDOLA. CBU-SCHOOL OF MEDICINE LIBRARY, NDOLA.   11/30/2022   RC 376.5 Car 904582 11/30/2022 11/30/2022 MONOGRAPH